Regional Dimensions of Unemployment in Central and Eastern Europe and Social Barriers to Restructuring
Gespeichert in:
| 1. Verfasser: | |
|---|---|
| Weitere Verfasser: | |
| Format: | Buch |
| Sprache: | Englisch |
| Veröffentlicht: |
Florence
European University Institute
1995
|
| Ausgabe: | 1. ed. |
| Schriftenreihe: | EUI Working Paper ECO
No.95/17 |
| Schlagworte: | |
| Tags: |
Keine Tags, Fügen Sie das erste Tag hinzu!
|
MARC
| LEADER | 00000nam a2200000 4500 | ||
|---|---|---|---|
| 001 | c013321 | ||
| 005 | 20221205133503.9 | ||
| 041 | 0 | |a eng | |
| 044 | |a IT | ||
| 245 | 1 | 0 | |a Regional Dimensions of Unemployment in Central and Eastern Europe and Social Barriers to Restructuring |c Tito Boeri, Stefano Scarpetta |
| 250 | |a 1. ed. | ||
| 264 | 1 | |a Florence |b European University Institute |c 1995 | |
| 300 | |a 51 s. | ||
| 490 | 1 | |a EUI Working Paper ECO |v No.95/17 | |
| 830 | 0 | |a EUI Working Paper ECO |v No.95/17 | |
| 610 | 2 | 0 | |a nezamestnanosť |
| 610 | 2 | 0 | |a hospodárstvo trhové |
| 610 | 2 | 0 | |a zmeny štruktúrne |
| 610 | 2 | 0 | |a transformácia |
| 610 | 2 | 0 | |a trh práce |
| 610 | 2 | 0 | |a stredná Európa |
| 610 | 2 | 0 | |a východná Európa |
| 100 | 1 | |a Boeri, Tito | |
| 700 | 1 | |a Scarpetta, Stefano | |